00862nam a2200241 a 450000100060000000300080000600500170001400800410003102000320007203500190010404000270012304100080015008200270015811000400018524501770022526000410040230000290044349000290047250400290050165000300053065000300056083000300059072182BD-RjUL20211209082224.0170514s1976 au a b i100 0 eng  a9200411762 :c$19.00 (U.S.) a(BD-RjUL)72398 aDLCcDLCdBD-RjULbeng aeng00a622.3493223bINU 1976 aInternational Atomic Energy Agency.10aUranium ore processing :bproceedings of an advisory group meeting /corganized by the International Atomic Energy Agency and held in Washington, D.C., 24-26 November 1975. aVienna :bfor sale by UNIPUB,c1976. a238 p. :bill. ;c24 cm.1 aPanel proceedings series aIncludes bibliographies. 0aOre-dressingxCongresses. 0aUranium oresxCongresses. 0aPanel proceedings series.